| 000 | 00898nas a2200253 i 4500 | ||
|---|---|---|---|
| 001 | 183308 | ||
| 003 | ES-MaACL | ||
| 005 | 20250217134913.0 | ||
| 008 | 140227d19611985sp a| | ||pa d | ||
| 022 | _a0417-5360 | ||
| 080 | _a658(460)(058.7) | ||
| 245 | 0 | 0 |
_aDirectorio de consejeros y directores _b= Directoire des membres de comite de direction et des directeurs = Directory of advisers and directors = Adressbuch der Vorstandsmitglieder und Direktoren / _c[director José Luis Rosello García]. |
| 246 | 2 | _aDicodi | |
| 260 |
_aMadrid : _bDICODI, _c1961-1985. |
||
| 300 |
_a9 v. ; _c23 cm. |
||
| 310 | _aAnual | ||
| 362 | 0 | _a1961/1962-1984. | |
| 650 | 4 |
_aEmpresas- _zEspaña- _vDirectorios. _9154437 |
|
| 700 | 1 |
_aRoselló García, José Luis. _9154438 |
|
| 852 |
_aES-MaACL _jHEM-D-211 _dOlim: C-32557 |
||
| 866 | 0 | _o1967-1974, 1982. | |
| 942 | _2udc | ||
| 999 |
_c183308 _d183308 |
||